000 00587nam a2200181Ia 4500
003 GCL
008 140319s9999 xx 000 0 ara d
040 _aGCL /
_cGCL
082 0 4 _a812.9
_bم م
100 1 _aمحمد يوسف نجم
245 1 0 _aالمسرحية فى الادب العربى 1847 - 1914 /
_cمحمد يوسف نجم
300 _a511 ص
490 _aالهيئة العامة للاستعلامات
_v0
650 0 4 _aالادب العربى
650 0 4 _aالمسرحية العربية
650 0 4 _aالمسرحية- تاريخ - 1847 - 1914
942 _2ddc
_cBK
999 _c49943
_d49943